Les noms des personnages principaux et récurrents de Squid Game - Statistiques

Statistiques générales
  • Ce quiz a été pris 80 fois
    71 depuis la dernière actualisation
  • Le résultat moyen est 13 sur 34
Statistiques - réponses
Numéro du personnage Nom du personnage % Correct
456 Gi-hun
92%
199 Ali
80%
218 Sang-woo
69%
222 Jun-hee
63%
125 Min-su
63%
124 Nam-gyu
63%
067 Sae-byeok
63%
120 Hyun-ju
55%
001 (Saison 1) Il-nam
55%
388 Dae-ho
53%
001 (Saison 2) In-ho (le maître du jeu infiltré en joueur)
49%
380 Se-mi
49%
101 Deok-su
47%
390 Jung-bae
45%
333 Myung-gi
43%
149 Geum-ja
39%
095 Young-mi
39%
Garde 11 (Saison 2, 3) No-eul
37%
Garde 29 (Saison 1) Jun-ho (le policier infiltré)
35%
212 Mi-nyeo
33%
007 Yong-sik
29%
256 Gyeong-su
27%
240 Ji-yeong
27%
100 Jeong-dae
20%
246 Gyeong-seok/Garde 16
18%
044 Seon-nyeo
18%
203 Gi-min
16%
230 Su-bong/Thanos
16%
226 Yeong-sam
16%
006 Mi-hwa
14%
353 Yun-tae
14%
111 Byeong-gi
12%
047 Byeong-su
12%
336 Seung-won
10%
Aucun quiz correspondant
Distribution des résultats
% des personnes avec chaque résultat
Percentile par nombre de réponses
Votre historique - résultats
Vous n’avez pas pris ce quiz depuis la dernière actualisation